000 04622nam a2200445 a 4500
001 dia_1355
003 CHAP
005 20250623184224.0
007 ta
008 220117s1973 sp ado fr 001 0 spa d
010 _a171903
020 _a84-200-0306-9
040 _cCHAP
_amxchpua
_erda
041 _aspa
_bspa
_fspa
_heng
050 1 _aQR115
_b.J39 1973
082 _220
_a576.163
_bJ39 1973
100 1 _aJay, James M.
_961253
240 1 0 _aModern food microbiology.
_lEspañol
245 1 0 _aMicrobiología moderna de los alimentos /
_c James M. Jay ; traductor José Tormo Iguacel
250 _a1a edición
264 _aEspaña :
_bAcribia,
_c1973
300 _avi, 319 páginas :
_bilustraciones, gráficas, diagramas, tablas, fotos
336 _2rdacontent
_atexto
_btxt
337 _2rdamedia
_ano mediado
_bn
338 _2rdacarrier
_avolumen
_bnc
504 _aIncluye bibliografías
505 0 _a1. Historia de los microorganismos de los alimentos -- 2. Papel y significado de los microorganismos en la naturaleza y en los alimentos -- 3. Parámetros intrínsecos y extrínsecos relacionados con la Microbiología de los alimentos -- 4. Incidencia y tipos de microorganismos presentes en los alimentos -- 5. Deterioro de los alimentos: alteraciones de frutas y verduras -- 6. Deterioro de los alimentos: alteraciones de las carnes frescas y curadas, aves, pescados y mariscos -- 7. Alteraciones de otros alimentos -- 8. Conservación de alimentos por agentes químicos -- 9. Empleo de las radiaciones en la conservación de los alimentos -- 10. Conservación de alimentos por bajas temperaturas -- 11. Conservación de alimentos por altas temperaturas -- 12. Conservación de alimentos por deshidratación (desecación) -- 13. Indices de calidad higiénica de los alimentos y estandards microbiológicos -- 14. Toxiinfecciones alimenticias causadas por cocos gram positivos -- 15. Toxiinfecciones alimenticias causadas por bacterias esporuladas gram positivas -- 16. Intoxicaciones alimenticias causadas por bacterias gram negativas -- 17. otros procesos originados por los alimentos con exclusion de las intoxicaciones bacterianas -- 18. Características y crecimiento de los microorganismos psicrófilos -- 19. Características y cultivo de los microorganismos termófilos -- 20. Naturaleza de la resistencia de los microorganismos a las radiaciones -- Apéndice -- Índice de materias
520 2 _aEste libro está especialmente proyectado para un segundo curso de Microbiología del plan de estudios de Artes Liberales, Ciencias de los alimentos o Economía doméstica. Es conveniente poseer ciertos cono cimientos previos de bioquímica y química orgánica, aunque los estudiantes con una buena formación de biología y química a nivel de enseñanza secundaria, están capacitados para comprender muchos temas. Comienza con una breve historia sobre la presencia y papel de los microorganismos en la naturaleza y en los alimentos. Los microorganismos transmitidos por los alimentos se consideran comprendidos dentro del ciclo de los elementos constituyentes de la materia orgánica. Los géneros de los organismos más frecuentemente encontrados se describen en uno de los primeros capítulos, junto con los parámetros intrínsecos y extrínsecos que influyen en su crecimiento y actividad. Los capítulos dedicados a las alteraciones de los alimentos se ocupan de la composición química general de los diversos productos, con el fin de resaltar las relaciones ecológicas entre estos alimentos y los microorganismos que les afectan, y facilitar el conocimiento general de las propiedades físicas y químicas de los alimentos, indispensable para una adecuada comprensión de su microbiología. En los capítulos sobre alteraciones, conservación e intoxicaciones producidas por los alimentos, destaca la acción recíproca entre los parámetros ecológicos que influyen en la contaminación y las posibilidades de conservación de los alimentos. Los tres últimos capítulos se dedican a la biología molecular de algunos microorganismos transmitidos por alimentos.
650 1 3 _aPreservación de alimentos
_9144378
_2atg
650 1 3 _aMicrobiología
_2atg
_975490
650 1 3 _aMicrobiología alimentaria
_9144094
_2atg
650 1 3 _aMicrobiology
_9150556
_2atg
650 1 3 _aFood microbiology
_9147891
_2atg
650 1 3 _aFood preservation
_9147769
_2atg
700 1 _aTormo Iguacel, José
_9150592
_etraductor
901 _a576.163 J39 1973
902 _aM
905 _a5232271973 sp admn8222223322spa16
942 _cLIBRO
_2ddc
999 _c171903
_d171903